000 01980nam a22002537a 4500
005 20240116095508.0
008 130510s1936 ck ||||fr|||| 00| 0dspa d
040 _cSandra Yazo (modificó)
_dSandra Yazo (modificó)
041 0 _aspa
082 0 4 _220
_a070.9
092 _aE52N095
245 0 0 _aPeriodistas de los albores de la República
_b(Jorge Tadeo Lozano, Fray Diego Francisco Padilla, José María Salazar y Juan García del Río)
260 _aBogotá (Colombia)
_bEditorial Minerva S. A.
_c1936
300 _a198, [1] páginas
_c18 x 14 cm.
490 0 _aBiblioteca Aldeana de Colombia
_v62
500 _aDetalles físicos: Sin encuadernación original. Actualmente: Encuadernación rígida (holandesa) en cartón forrado en papel jaspeado en tono azul. Lomo de tela, con letras y líneas decorativas en dorado. Cortes decorados (jaspeado azul). Guardas. Hoja de cortesía. Portada impresa en una sola tinta. Grabado con el emblema de la Colección. Texto impreso en una sola columna, con diferentes tipos y tamaños de letra. Notas de pie de página. Papel oxidado en bordes de las hojas. En la encuadernación (lomo) se indica una numeración (62). Colección Aldeana de Colombia es una selección de Samper Ortega de Literatura Colombiana.
505 0 _aPeriodistas de los albores de la República -- Jorge Tadeo Lozano: De la necesidad del dinero corriente y de la inutilidad del dinero guardado ; Plan de una campaña patriótica de comercio ; Sobre lo útil que sería en este reino el establecimiento de una sociedad económica de amigos del país -- Fray Diego Francisco Padilla: Por la libertad -- José María Salazar: Bosquejo político de América -- Juan García del Río: Simón Bolívar
506 _aConsulta en sala
650 7 _aPeriodismo colombiano
_921342
650 7 _aPeriodismo
_931345
_xHistoria
_zColombia
650 7 _aPeriodistas colombianos
_921368
690 _aPeriodismo
_921340
942 _cLIBRO
_e1
_2LOCAL
_hE52N095
999 _c323699
_d323699